00302nam a2200121Ia 4500008004100000100002600041245003800067260003300105300000800138650001000146942000700156999001700163190216s9999||||xx |||||||||||||| ||und|| aSanjeev Chattobadyaya 0aHindi-Bairavi Aur Sreeramakrishna bNaveen Sahithya Mandirc2006 a160 aHindi cBK c16660d16660